[Event "Mitropa Cup"]
[Site "Merlimont"]
[Date "2011.10.14"]
[Round "7.7"]
[White "Collas, Didier"]
[Black "Krejci, Jan"]
[Result "1/2-1/2"]
[WhiteElo "2403"]
[BlackElo "2489"]
[PlyCount "101"]
[EventDate "2011.??.??"]

1. Nf3 d5 2. d4 Nf6 3. c4 c6 4. cxd5 cxd5 5. Nc3 Nc6 6. Bf4 Bf5 7. e3 e6 8. Qb3
Bb4 9. Bb5 Qa5 10. O-O O-O 11. Rfc1 Rfc8 12. a3 Bxc3 13. Rxc3 Ne4 14. Rcc1 Qb6
15. Ne5 a6 16. Nxc6 Rxc6 17. Rxc6 bxc6 18. Ba4 Qxb3 19. Bxb3 g5 20. Bg3 Nxg3
21. hxg3 Rb8 22. Ba4 Rxb2 23. Bxc6 Kf8 24. Ba4 Bb1 25. Bd1 Bd3 26. g4 Ke7 27.
Bf3 Kd6 28. g3 f6 29. Bg2 Kc6 30. Bf1 Bc4 31. a4 Bxf1 32. Kxf1 Kb6 33. a5+ Kb5
34. Kg2 Rc2 35. Rh1 Rc7 36. Ra1 e5 37. dxe5 fxe5 38. Rd1 Rd7 39. f4 gxf4 40.
gxf4 exf4 41. exf4 Kxa5 42. Rb1 Ka4 43. Kf3 a5 44. f5 Ka3 45. Ke3 Ka2 46. Rb5
d4+ 47. Kd3 a4 48. g5 a3 49. f6 Ka1 50. Rb3 Ka2 51. Ke4 1/2-1/2